The Habitats Directive (Record no. 94485)

MARC details
000 -LEADER
fixed length control field 01395cam a2200325 4500
008 - FIXED-LENGTH DATA ELEMENTS--GENERAL INFORMATION
fixed length control field 090401t1995 xxu||||| |||| 00| 0 eng d
020 ## - INTERNATIONAL STANDARD BOOK NUMBER
International Standard Book Number 0854067140
035 ## - SYSTEM CONTROL NUMBER
System control number (Sirsi) u62832
041 0# - LANGUAGE CODE
Language code of text/sound track or separate title eng
050 04 - LIBRARY OF CONGRESS CALL NUMBER
Classification number 639.9 $2 18
090 ## - LOCALLY ASSIGNED LC-TYPE CALL NUMBER (OCLC); LOCAL CALL NUMBER (RLIN)
Classification number (OCLC) (R) ; Classification number, CALL (RLIN) (NR) RICS 1995/96ABCD
100 1# - MAIN ENTRY--PERSONAL NAME
Personal name Du Croz, W. R.
245 04 - TITLE STATEMENT
Title The Habitats Directive
Remainder of title implementation in the United Kingdom
Medium [electronic resource]
260 ## - PUBLICATION, DISTRIBUTION, ETC.
Place of publication, distribution, etc. London
Name of publisher, distributor, etc. RICS
Date of publication, distribution, etc. 1995
300 ## - PHYSICAL DESCRIPTION
Extent 27p.
Dimensions 30cm.
350 ## - PRICE (NR) (BK AM CF MU VM SE) [OBSOLETE]
Price 7.50
490 #0 - SERIES STATEMENT
Series statement RICS Information Paper
520 ## - SUMMARY, ETC.
Summary, etc. Explains the application of the European directives on the conservation of wild birds, known as the birds directive, and on the conservation of natural habitats and of wild fauna and flora, known as the habitats directive, on the ownership and management of land and in the marine environment.
520 ## - SUMMARY, ETC.
Summary, etc. Withdrawn 1 October 2006.
650 24 - SUBJECT ADDED ENTRY--TOPICAL TERM
Topical term or geographic name entry element DIRECTIVE 92/43/EEC
650 24 - SUBJECT ADDED ENTRY--TOPICAL TERM
Topical term or geographic name entry element BIRDS DIRECTIVE
651 #4 - SUBJECT ADDED ENTRY--GEOGRAPHIC NAME
Geographic name United Kingdom
Chronological subdivision
690 ## - LOCAL SUBJECT ADDED ENTRY--TOPICAL TERM (OCLC, RLIN)
Topical term or geographic name as entry element ENVIRONMENTAL AND LAND CONSULTANCY-ENVIRONMENTAL MANAGEMENT-ENVIRONMENTAL CONSERVATION
710 2# - ADDED ENTRY--CORPORATE NAME
Corporate name or jurisdiction name as entry element Royal Institution of Chartered Surveyors
Subordinate unit Land Management Skills Panel
9 (RLIN) 4517
710 ## - ADDED ENTRY--CORPORATE NAME
Corporate name or jurisdiction name as entry element Royal Institution of Chartered Surveyors
9 (RLIN) 4900
856 41 - ELECTRONIC LOCATION AND ACCESS
Uniform Resource Identifier <a href="https://www.rics.org/Global/Downloads/Habitats_Directive_1996.pdf">https://www.rics.org/Global/Downloads/Habitats_Directive_1996.pdf</a>
Public note View this item at www.rics.org...
942 ## - ADDED ENTRY ELEMENTS (KOHA)
Suppress in OPAC 0
948 ## - LOCAL PROCESSING INFORMATION (OCLC); SERIES PART DESIGNATOR (RLIN)
c (OCLC) 04/03/1997
Holdings
Withdrawn status Lost status Source of classification or shelving scheme Damaged status Not for loan Home library Current library Shelving location Date acquired Cost, normal purchase price Total Checkouts Full call number Barcode Date last seen Copy number Cost, replacement price Price effective from Koha item type Date last checked out
    Dewey Decimal Classification     London London RICS Boxes 16/11/1995 7.50   RICS 1995/96 30049220 06/08/2019 1 7.50 06/08/2019 Archive  
    Dewey Decimal Classification     London London RICS Boxes 16/11/1995 7.50   RICS 1995/96 30049221 06/08/2019 2 7.50 06/08/2019 Reference material  
    Dewey Decimal Classification     London London RICS Boxes 16/11/1995 7.50 2 RICS 1995/96 30049222 06/08/2019 3 7.50 06/08/2019 Book 03/10/2006